NLSUI OPAC header image

The legal regulation of pregnancy and parenting in the labour market (Record no. 28519)

MARC details
000 -LEADER
fixed length control field 00484nam a2200157Ia 4500
008 - FIXED-LENGTH DATA ELEMENTS--GENERAL INFORMATION
fixed length control field 160316s2009 xxu||||| |||| 00| 0 eng d
082 ## - DEWEY DECIMAL CLASSIFICATION NUMBER
Classification number 344.041000
Item number JAM
100 ## - MAIN ENTRY--PERSONAL NAME
Personal name James Grace
245 ## - TITLE STATEMENT
Title The legal regulation of pregnancy and parenting in the labour market
250 ## - EDITION STATEMENT
Edition statement
260 ## - PUBLICATION, DISTRIBUTION, ETC.
Place of publication, distribution, etc. London
Name of publisher, distributor, etc. Routledge
Date of publication, distribution, etc. 2009
300 ## - PHYSICAL DESCRIPTION
Extent 147p
Other physical details
Dimensions vii
365 ## - TRADE PRICE
Price amount Rs. 7,315
650 ## - SUBJECT ADDED ENTRY--TOPICAL TERM
Topical term or geographic name entry element 1. Pregnant Women - Employment - Law & Legislation - U K <br/>2. Parental Leave - U K
700 ## - ADDED ENTRY--PERSONAL NAME
Personal name
--
Holdings
Withdrawn status Lost status Damaged status Not for loan Home library Current library Shelving location Date acquired Cost, normal purchase price Total Checkouts Full call number Barcode Date last seen Price effective from Koha item type
        . .   30.05.2017 7315.00   344.041 JAM 25945 30.05.2017 30.05.2017 BOOKs